header

The social psychology of experience (Record no. 129644)

MARC details
000 -LEADER
fixed length control field 01414nam a2200361 a 4500
082 04 - DEWEY DECIMAL CLASSIFICATION NUMBER
Classification number 153
100 1# - MAIN ENTRY--AUTHOR NAME
Personal name Middleton, David
245 14 - TITLE STATEMENT
Title The social psychology of experience
260 ## - PUBLICATION, DISTRIBUTION, ETC. (IMPRINT)
Place of publication London ;
-- Thousand Oaks, Calif. :
Name of publisher SAGE,
Year of publication 2005.
300 ## - PHYSICAL DESCRIPTION
Number of Pages xi, 252 p. :
Other physical details ill.
650 #0 - SUBJECT ADDED ENTRY--TOPICAL TERM
Topical Term Memory
Topical Term Social psychology.
Topical Term Experience
700 1# - ADDED ENTRY--PERSONAL NAME
Personal name Brown, Steven D.,
856 40 - ELECTRONIC LOCATION AND ACCESS
Uniform Resource Identifier http://site.ebrary.com/lib/rucke/Doc?id=10218177

No items available.

© 2026 Rongo University
Contact us: librarian | system librarian | Rongo university